Club des 27 - Statistiques

Statistiques générales
  • Ce quiz a été pris 108 fois
  • Le résultat moyen est 4 sur 7
Statistiques - réponses
Réponse % Correct
Amy Winehouse
87%
Kurt Cobain
84%
Jimi Hendrix
77%
Jim Morrison
62%
Janis Joplin
60%
Brian Jones
44%
Robert Johnson
29%
Aucun quiz correspondant
Distribution des résultats
% des personnes avec chaque résultat
Percentile par nombre de réponses
Votre historique - résultats
Vous n’avez pas pris ce quiz